01311nam a2200301 a 4500001001100000003000800011006001900019007001500038008004100053010001700094020002800111040002100139035002100160050002600181082003000207100003100237245011900268260004400387300001700431504006600448533015200514650007200666650003900738650006100777655002900838710001700867856012500884ebr5003901CaPaEBRm u cr cn|||||||||931220s1994 ctu sb 001 0 eng  z 93049032  z0899308430 (alk. paper) aCaPaEBRcCaPaEBR a(OCoLC)22804000814aKF1380.6b.G87 1994eb04a346.7304/8a347.306482201 aGutterman, Alan S.,d1955-10aTechnology-driven corporate alliancesh[electronic resource] :ba legal guide for executives /cAlan S. Gutterman. aWestport, Conn. :bQuorum Books,c1994. aviii, 293 p. aIncludes bibliographical references (p. [287]-288) and index. aElectronic reproduction.bPalo Alto, Calif. :cebrary,d2013.nAvailable via World Wide Web.nAccess may be limited to ebrary affiliated libraries. 0aStrategic alliances (Business)xLaw and legislationzUnited States. 0aLicense agreementszUnited States. 0aTechnology transferxLaw and legislationzUnited States. 7aElectronic books.2local2 aebrary, Inc.40uhttp://site.ebrary.com/lib/rucke/Doc?id=5003901zAn electronic book accessible through the World Wide Web; click to view